Geographic Groups of Nine - Statistics

General Stats
  • This quiz has been taken 11,764 times
  • The average score is 40 of 72
Answer Stats
Answer % Correct
Countries with the Amazon Rainforest Brazil
96%
Countries with the Amazon Rainforest Peru
92%
Countries with the Amazon Rainforest Bolivia
90%
Baltic Sea Countries Estonia
90%
Baltic Sea Countries Latvia
90%
Baltic Sea Countries Russia
90%
Countries with the Amazon Rainforest Venezuela
90%
Countries with the Amazon Rainforest Colombia
89%
Baltic Sea Countries Finland
89%
Countries with the Amazon Rainforest Guyana
89%
Baltic Sea Countries Lithuania
89%
Countries with the Amazon Rainforest Suriname
89%
Countries with the Amazon Rainforest Ecuador
88%
Baltic Sea Countries Sweden
87%
Baltic Sea Countries Denmark
85%
Baltic Sea Countries Poland
85%
Baltic Sea Countries Germany
84%
Asian countries which have English as an Official Language Singapore
84%
US National Capitals Washington, D.C.
83%
Asian countries which have English as an Official Language India
80%
US Time Zones Central
77%
US National Capitals New York City
77%
US Time Zones Pacific
76%
US Time Zones Eastern
73%
Countries bordering DR of Congo Central African Republic
72%
Countries bordering DR of Congo Republic of Congo
72%
Countries bordering DR of Congo Rwanda
71%
Countries bordering DR of Congo Uganda
70%
Countries bordering DR of Congo Angola
69%
Largest Lakes in the World Superior
69%
Largest Lakes in the World Victoria
69%
Countries bordering DR of Congo Zambia
68%
Largest Lakes in the World Michigan
65%
Asian countries which have English as an Official Language Pakistan
65%
Countries bordering DR of Congo Tanzania
65%
Countries bordering DR of Congo Burundi
64%
Countries with the Amazon Rainforest France
64%
Asian countries which have English as an Official Language Malaysia
64%
US Time Zones Mountain
60%
Countries bordering DR of Congo South Sudan
60%
US National Capitals Philadelphia
59%
Calfornian National Parks Yosemite
59%
Asian countries which have English as an Official Language Bangladesh
57%
Largest Lakes in the World Huron
55%
US Time Zones Hawaii-Aleutian
54%
Asian countries which have English as an Official Language Sri Lanka
54%
US Time Zones Alaska
50%
Asian countries which have English as an Official Language Philippines
50%
Largest Lakes in the World Baikal
48%
Largest Lakes in the World Caspian Sea
46%
Largest Lakes in the World Malawi
46%
Asian countries which have English as an Official Language Brunei
45%
Asian countries which have English as an Official Language Israel
44%
US Time Zones Atlantic
33%
US National Capitals Baltimore
30%
Calfornian National Parks Redwood
28%
Calfornian National Parks Death Valley
22%
Calfornian National Parks Joshua Tree
21%
Calfornian National Parks Sequoia
18%
Largest Lakes in the World Great Bear Lake
16%
Largest Lakes in the World Tanganyika
16%
US Time Zones Samoa
13%
US National Capitals Annapolis
11%
US National Capitals Trenton
11%
Calfornian National Parks Channel Islands
6%
Calfornian National Parks Kings Canyon
6%
Calfornian National Parks Lassen Volcanic
5%
Calfornian National Parks Pinnacles
4%
US National Capitals York
4%
US National Capitals Lancaster
3%
US National Capitals Princeton
3%
US Time Zones Chamorro
2%
No matching quizzes found
Score Distribution
Percent of People with Each Score
Percentile by Number Answered
Your Score History
You have not taken this quiz